| 000 | 01188nam a2200325 c 4500 | ||
|---|---|---|---|
| 001 | 45307 | ||
| 003 | ES-MaCES | ||
| 005 | 20180131142522.0 | ||
| 008 | 000000s2013 sp | ||| | spa d | ||
| 020 | _a9789223281593 | ||
| 020 | _a9789223281960 (pdf web) | ||
| 040 |
_aES-MaCES _bspa _cES-MaCES |
||
| 110 | 2 |
_94718 _aOrganización Internacional del Trabajo |
|
| 245 | 1 | 0 |
_a25 años de actividades OIT con el apoyo de la cooperación española _b: promoviendo el trabajo decente y la justicia social _c[Organización Internacional del Trabajo] |
| 260 |
_aMadrid _bOficina de la OIT para España _c2013 |
||
| 300 |
_a147 p. _bfot. col. _c30 cm _e1 cuadernillo-resumen (45 p.) |
||
| 541 | _cGratuito | ||
| 650 | 4 |
_aOIT _926720 |
|
| 650 | 4 |
_apapel de la OIT _929112 |
|
| 650 | 4 |
_anorma internacional del trabajo _930609 |
|
| 650 | 4 |
_acooperación técnica _926644 |
|
| 650 | 4 |
_aEspaña _926964 |
|
| 650 | 4 |
_apapel de España _929138 |
|
| 650 | 4 |
_aproyecto de desarrollo _926655 |
|
| 650 | 4 |
_a1987-2012 _935322 |
|
| 653 | 1 | 0 | _aOrganizaciones |
| 710 | 2 |
_aOrganización Internacional del Trabajo _eed. _94737 _bOficina en España |
|
| 902 | _aLIB Libro | ||
| 942 |
_2CES _cBK _h6.3. |
||
| 999 |
_c45307 _d45307 |
||